Selección de tests al servicio de la psicología infantil.

Salvato in:
Dettagli Bibliografici
Autore principale: Collin, George (autor)
Natura: Libro
Lingua:spagnolo
Soggetti:
Tags: Aggiungi Tag
Nessun Tag, puoi essere il primo ad aggiungerne!!

MARC

LEADER 00000cam^a2200000uu^4500
001 000490527
005 20250521000000.0
008 050901s1959^^^^^^^^^^^^rd^r^^000^0^spa^d
009 20260310125357.473
035 |a FCE 000033743 
035 |a FCE 000888 
037 |a Acervo ITESO - Biblioteca 
041 |a spa 
082 0 4 |a 371.264  |b C237s 
100 |a Collin, George  |e (autor) 
245 1 0 |a Selección de tests al servicio de la psicología infantil. 
264 |a Buenos Aires :  |b Kapelusz,  |c 1959. 
300 |a 366 p. 
336 |a texto  |b txt  |2 rdacontenido 
337 |a sin mediación  |b n  |2 rdamedio 
338 |a volumen  |b nc  |2 rdasoporte 
649 |a XX 
650 |a Psicopedagogía 
650 |a Psicología del niño 
650 |a Test educativo 
910 |a Fondo Centro de Estudios Educativos 
920 |a Impresos - Libros 
930 |a Fondos Especiales 
905 |a 133 
901 |a ALE000888  |b IT2  |c CEE  |u 20250521 
902 |a https://opac.biblio.iteso.mx/vufind/Record/000490527